| 000 | 00383nam a2200157Ia 4500 | ||
|---|---|---|---|
| 008 | 210210b1999 xxu||||| |||| 00| 0 eng d | ||
| 041 | _aeng | ||
| 082 | _a338.954 MISI | ||
| 100 | _aMISRA (S K) and PURI (V K). | ||
| 245 | _aIndian economy. | ||
| 250 | _a | ||
| 260 |
_aN D _bHimalaya Publishing House _c1999 |
||
| 300 | _axx,935 | ||
| 690 | _aIndian Economics | ||
| 906 | _a055650 | ||
| 999 |
_c103075 _d103075 |
||